Das Lukanische Doppelwerk : Zur Literarischen Basis Frühchristlicher Geschichtsdeutung.

Die Reihe Beihefte zur Zeitschrift für die neutestamentliche Wissenschaft (BZNW) ist eine der renommiertesten internationalen Buchreihen zur neutestamentlichen Wissenschaft. Seit 1923 publiziert sie wegweisende Forschungsarbeiten zum frühen Christentum und angrenzenden Themengebieten. Die Reihe is...

Full description

Bibliographic Details
Main Author: Backhaus, Knut.
Format: eBook
Language:German
Published: Berlin/Boston : Walter de Gruyter GmbH, 2022.
Edition:1st ed.
Series:Beihefte Zur Zeitschrift Für Die Neutestamentliche Wissenschaft Series
Subjects:
Online Access:Click to View
LEADER 02077nam a22003733i 4500
001 EBC7015438
003 MiAaPQ
005 20231204023225.0
006 m o d |
007 cr cnu||||||||
008 231204s2022 xx o ||||0 ger d
020 |a 9783110770506  |q (electronic bk.) 
035 |a (MiAaPQ)EBC7015438 
035 |a (Au-PeEL)EBL7015438 
035 |a (OCoLC)1312726947 
040 |a MiAaPQ  |b eng  |e rda  |e pn  |c MiAaPQ  |d MiAaPQ 
100 1 |a Backhaus, Knut. 
245 1 4 |a Das Lukanische Doppelwerk :  |b Zur Literarischen Basis Frühchristlicher Geschichtsdeutung. 
250 |a 1st ed. 
264 1 |a Berlin/Boston :  |b Walter de Gruyter GmbH,  |c 2022. 
264 4 |c {copy}2022. 
300 |a 1 online resource (676 pages) 
336 |a text  |b txt  |2 rdacontent 
337 |a computer  |b c  |2 rdamedia 
338 |a online resource  |b cr  |2 rdacarrier 
490 1 |a Beihefte Zur Zeitschrift Für Die Neutestamentliche Wissenschaft Series ;  |v v.240 
520 |a Die Reihe Beihefte zur Zeitschrift für die neutestamentliche Wissenschaft (BZNW) ist eine der renommiertesten internationalen Buchreihen zur neutestamentlichen Wissenschaft. Seit 1923 publiziert sie wegweisende Forschungsarbeiten zum frühen Christentum und angrenzenden Themengebieten. Die Reihe ist historisch-kritisch verankert und steht neuen methodischen Ansätzen, die unser Verständnis des Neuen Testaments befördern, gleichfalls offen gegenüber. 
588 |a Description based on publisher supplied metadata and other sources. 
590 |a Electronic reproduction. Ann Arbor, Michigan : ProQuest Ebook Central, 2023. Available via World Wide Web. Access may be limited to ProQuest Ebook Central affiliated libraries.  
655 4 |a Electronic books. 
776 0 8 |i Print version:  |a Backhaus, Knut  |t Das Lukanische Doppelwerk  |d Berlin/Boston : Walter de Gruyter GmbH,c2022 
797 2 |a ProQuest (Firm) 
830 0 |a Beihefte Zur Zeitschrift Für Die Neutestamentliche Wissenschaft Series 
856 4 0 |u https://ebookcentral.proquest.com/lib/matrademy/detail.action?docID=7015438  |z Click to View